Справки начальника отдела жилищно-коммунального хозяйства Госплана СССР А. Шарова председателю Госплана СССР Н. А. Вознесенскому...

RUSMARC
00004700cam0a2200301#x 450
001c3928673-bad5-48ef-905b-455830748c93
00520240131123849.0
100##$a20240131j19440710k###0rusy50 ca
1010#$arus
102##$aRU
1220#$ad19440710##
2001#$aСправки начальника отдела жилищно-коммунального хозяйства Госплана СССР А. Шарова председателю Госплана СССР Н. А. Вознесенскому о ходе восстановления жилого фонда в районах, освобожденных от немецкой оккупации, по РСФСР, УССР и БССР на 1 июля 1944 г.
$j10 июля 1944 г.
251##$cДокумент
300##$aПодлинник
461#0$12001
$aФ. 4372
$1251
$cФонд
$1852
$j4372
462#0$12001
$aОп. 44
$1251
$cОпись
$1852
$j44
462#0$12001
$aД. 1221
$vЛ. 9-12, 13-16
$1251
$cДело
$1852
$j1221
605##$2prlib_sh
$3LIBNET\UAF\0000088514
$aВторая мировая война в архивных документах (Комплекс оцифрованных архивных документов, кино- и фотоматериалов)
$lколлекция
605##$2acquisition_Prlib
$3DITM\AF\0000003834
$aНарод
$lколлекция
605##$2acquisition_Prlib
$3DITM\AF\0000002775
$aВласть
$lколлекция
6061#$2prlib_sh
$aВеликая Отечественная война
$z1941 - 1945
$xОсвобожденные районы
$xВосстановление
$jАрхивные дела
686##$a63.3(2)622-2ю1
$vLBC/M
$2rubbk
686##$a65.03(2)622ю1
$vLBC/M
$2rubbk
801#0$aRU
$bПБ им. Б.Н. Ельцина
$c20240131
801#1$aRU
$bПБ им. Б.Н. Ельцина
$c20240131
$2rusmarc
801#2$aRU
$bПБ им. Б.Н. Ельцина
$c20240131
$2rusmarc
850##$aРоссийский государственный архив экономики
852##$aРГАЭ
$jЛ. 9-12, 13-16
035##$aLIBNET\0001377816
937##$d190724857
$hФедеральное архивное агентство
8564#$uhttp://readingroom.main.prlib.ru/item.aspx?id_node=n190724857&mode=full
Формат отображения